|
|
|
|
| LEADER |
00000nab a2200000 a 4500 |
| 001 |
vtls010737932 |
| 003 |
SK-MaSNL |
| 005 |
20260304194110.0 |
| 008 |
250709s2009 xo |||||||||||||||||slo| |
| 035 |
|
|
|a (urnnbn)urn:nbn:sk:snk:ar-a05lnv
|
| 035 |
|
|
|a (uuid)772cd750-8c1e-4a12-8ce6-9cf7478d31bd
|
| 035 |
|
|
|a urn:nbn:sk:snk-ab3yzq
|
| 040 |
|
|
|a SNKBUCL
|b slo
|c SNKBUCL
|e AACR2
|
| 041 |
0 |
|
|a cze
|
| 044 |
|
|
|a xo
|c SK
|
| 100 |
1 |
|
|a Podstatová, Renata
|4 aut
|9 268391
|
| 245 |
1 |
0 |
|a OPATŘENÍ PŘI VÝSKYTU INFEKCE VYVOLANÉ CLOSTRIDIUM DIFFICILE
|c Renata Podstatová, Rastislav Maďar, Hana Chalupová, Eva Glogerová
|
| 700 |
1 |
|
|a Maďar, Rastislav,
|d 1973-
|4 aut
|9 205008
|
| 700 |
1 |
|
|a Chalupová, Hana
|4 aut
|9 1528279
|
| 700 |
1 |
|
|a Glogerová, Eva
|4 aut
|9 1528280
|
| 773 |
0 |
|
|t Nozokomiálne nákazy : odborný časopis
|g Roč. 8, č. 2 (2009), s. 43-47
|
| 850 |
|
|
|a Slovenská národná knižnica
|
| 852 |
|
|
|a Slovenská národná knižnica
|
| 958 |
|
|
|a article1
|
| 958 |
|
|
|a OND
|
| 958 |
|
|
|a EUIPO
|
| 999 |
|
|
|c 3072091
|d 3074021
|